The compleat English copyholder (Record no. 113449)

MARC details
000 -LEADER
fixed length control field 01755cam a22001815a 4500
001 - CONTROL NUMBER
control field L155280
008 - FIXED-LENGTH DATA ELEMENTS--GENERAL INFORMATION
fixed length control field 120314s1735 xxk f 000 0 eng d
035 ## - SYSTEM CONTROL NUMBER
System control number (Sirsi) u155280
041 0# - LANGUAGE CODE
Language code of text/sound track or separate title eng
100 1# - MAIN ENTRY--PERSONAL NAME
Personal name Gentleman of the Inner Temple
245 04 - TITLE STATEMENT
Title The compleat English copyholder
Remainder of title or, a guide to lords of manors, Justices of the Peace, Tenants, Stewards, Attornies, Bailiffs, Constables, Gamekeepers, Haywards, Reeves, Surveyors of the Highways, &c. being the Common and Statute Law of England, together with the adjudged Cases relating to Manors, Copyhold Estates, Courts-Leet and Courts-Baron, Common Placed; Containing the whole practice of the Court-Leet, Court of ancient Demesne, Court-Baron, and Musick-Court of the Honour of Tutbury, and the Business of a Manor in all its Branches. And Also The Tenures, Customs, and Usages of several Manors in England and Wales, shewing who has Right to attend the Coronation of the Kings and Queens of Great Britain, or to perform other Scrvices to them, or the Lords of the several Manors, collected from Records, Manuscripts, and printed Books; with Directions for distraining for rent; by the late Sir Bartholomew Shower. ... . By a gentleman of the Inner Temple.
260 ## - PUBLICATION, DISTRIBUTION, ETC.
Place of publication, distribution, etc. [London]
Name of publisher, distributor, etc. In the Savoy: printed by E. and R. Nutt, and R. Gosling, (assigns of E. Sayer, Esq;) for Innys and Manby at the West End of St. Paul's Churchyard; Batley and Wood at the Dove in Pater-Noster-Row; Ward and Chandler, at the Ship, between the Temple Gates, in Fleet-Street, and sold at their shop in Scarborough
Date of publication, distribution, etc. MDCCXXXV. [1735]
300 ## - PHYSICAL DESCRIPTION
Extent 2v. ([8], 598, [74] p.)
Dimensions 8o
583 ## - ACTION NOTE
Action Condition reviewed
Time/date of action 20120620
Status condition level 1
651 #4 - SUBJECT ADDED ENTRY--GEOGRAPHIC NAME
Geographic name Great Britain
Chronological subdivision 1707-
690 ## - LOCAL SUBJECT ADDED ENTRY--TOPICAL TERM (OCLC, RLIN)
Topical term or geographic name as entry element Land use
9 (RLIN) 6251
942 ## - ADDED ENTRY ELEMENTS (KOHA)
Suppress in OPAC 0
Holdings
Withdrawn status Lost status Source of classification or shelving scheme Damaged status Not for loan Home library Current library Shelving location Date acquired Total Checkouts Full call number Barcode Date last seen Copy number Price effective from Koha item type
    Dewey Decimal Classification     Historic collection Historic collection Historic collection 14/03/2012   OCTAVO 1735 GENTLEMAN VOL. 1 30075837 06/08/2019 1 06/08/2019 Book
    Dewey Decimal Classification     Historic collection Historic collection Historic collection 10/02/2013   OCTAVO 1735 GENTLEMAN VOL. 2 30078001 06/08/2019 1 06/08/2019 Book